|
|
|
|
| LEADER |
00988nam a2200265 a 4500 |
| 001 |
32081 |
| 003 |
BD-DhAAL |
| 005 |
20171031160946.0 |
| 008 |
171031s2008 enka|||||b||| 001 0 eng d |
| 999 |
|
|
|c 38331
|d 38331
|
| 020 |
|
|
|a 9780080453637
|
| 040 |
|
|
|a BD-DhAAL
|
| 082 |
|
|
|a 307
|
| 245 |
|
|
|a Sustainable communities :
|b new spaces for planning, participation and engagement /
|c edited by Terry Marsden.
|
| 250 |
|
|
|a First edition
|
| 260 |
|
|
|a London :
|b Emerald Group Publishing,
|c c2008.
|
| 300 |
|
|
|a viii, 296 pages :
|b illustrations ;
|c 25 cm.
|
| 505 |
|
|
|a Includes bibliographical references and index.
|
| 526 |
|
|
|a ARC
|
| 541 |
|
|
|a Trim Education
|e 32081
|
| 650 |
|
|
|a Community development.
|9 22698
|
| 650 |
|
|
|a Sustainable development.
|9 22699
|
| 700 |
|
|
|4 Editor
|a Marsden, Terry.
|9 22701
|
| 942 |
|
|
|2 ddc
|c BK
|
| 952 |
|
|
|0 0
|1 0
|2 ddc
|4 0
|6 307_000000000000000_SUS
|7 0
|9 61318
|a BRACUL
|b BRACUL
|c GEN
|d 2017-10-31
|e Trim Education
|g 10732.00
|l 0
|o 307 SUS
|p 3010032081
|r 2017-09-18
|t 1
|v 10732.00
|y BK
|